| 000 | 01391cam a22003255i 4500 | ||
|---|---|---|---|
| 001 | 22989582 | ||
| 005 | 20231221092531.0 | ||
| 008 | 230227s2023 mau 000 0 eng | ||
| 010 | _a 2023933433 | ||
| 020 |
_a9781800622357 _q(hardback) |
||
| 020 |
_z9781800622364 _q(ebook) |
||
| 020 |
_z9781800622371 _q(epub) |
||
| 040 |
_aDLC _beng _erda _cDLC |
||
| 042 | _apcc | ||
| 082 | _a000 | ||
| 245 | 0 | 0 |
_aAfghanistan-Pakistan shared waters : _bstate of the basins / _cMuhammad Azeem Ali Shah, Jonathan Lautze, Asadullah Meelad. |
| 263 | _a2312 | ||
| 264 | 1 |
_aBoston : _bCAB International, _c2023. |
|
| 300 | _apages cm | ||
| 336 |
_atext _btxt _2rdacontent |
||
| 337 |
_aunmediated _bn _2rdamedia |
||
| 338 |
_avolume _bnc _2rdacarrier |
||
| 520 |
_a"An overview of the three most important Afghanistan-Pakistan River Basins, in collaboration with water professionals and government agencies. Key aspects include water resources, land resources, ecological health, environment, climate change, and the social and economic conditions for sustainable management of these precious resources"-- _cProvided by publisher. |
||
| 700 | 1 |
_aShah, Muhammad Azeem Ali, _eeditor. _9119791 |
|
| 700 | 1 |
_aLautze, Jonathan, _eeditor. _9119792 |
|
| 700 | 1 |
_aMeelad, Asadullah, _eeditor. _9119793 |
|
| 906 |
_a0 _bibc _corignew _d2 _eepcn _f20 _gy-gencatlg |
||
| 942 |
_2ddc _cBK |
||
| 999 |
_c607372 _d607372 |
||